[Event "Olympiad Women-41"]
[Site "Tromsoe"]
[Date "2014.08.10"]
[Round "8.4"]
[White "Krifa, Najla"]
[Black "Saina, Yvonne"]
[Result "1/2-1/2"]
[WhiteElo "1759"]
[BlackElo "1752"]
[PlyCount "61"]
[EventDate "2014.08.02"]
[EventType "team-swiss"]
[EventRounds "11"]
[EventCountry "NOR"]
[SourceTitle "CBM 162"]
[Source "ChessBase"]
[SourceDate "2014.09.17"]
[SourceVersion "1"]
[SourceVersionDate "2014.09.17"]
[SourceQuality "1"]
[WhiteTeam "Tunisia (W)"]
[BlackTeam "Zambia (W)"]
[WhiteTeamCountry "TUN"]
[BlackTeamCountry "ZAM"]

1. e4 c5 2. Nc3 d6 3. g3 Nf6 4. Bg2 e6 5. d3 Be7 6. Nge2 a6 7. 0-0 Nc6 8. h3 0-0 9. f4 d5 10. Kh2 dxe4 11. Nxe4 Nxe4 12. Bxe4 Qc7 13. Be3 b6 14. Rf2 Bb7 15. Qh1 Rad8 16. a3 Rd7 17. Rb1 f5 18. Bg2 a5 19. Rd1 Bf6 20. Rb1 g6 21. Rff1 Rfd8 22. Qg1 Nd4 23. Bxd4 Bxd4 24. Nxd4 Rxd4 25. Bxb7 Qxb7 26. Qe3 Qd5 27. Rbe1 Kf7 28. Rf2 c4 29. dxc4 Qxc4 30. c3 R4d6 31. Qe2 1/2-1/2

[Event "Olympiad Women-41"]
[Site "Tromsoe"]
[Date "2014.08.03"]
[Round "2.3"]
[White "Masiyazi, Rhoda"]
[Black "Krifa, Najla"]
[Result "0-1"]
[WhiteElo "1920"]
[BlackElo "1759"]
[PlyCount "74"]
[EventDate "2014.08.02"]
[EventType "team-swiss"]
[EventRounds "11"]
[EventCountry "NOR"]
[SourceTitle "CBM 162"]
[Source "ChessBase"]
[SourceDate "2014.09.17"]
[SourceVersion "1"]
[SourceVersionDate "2014.09.17"]
[SourceQuality "1"]
[WhiteTeam "Zimbabwe (W)"]
[BlackTeam "Tunisia (W)"]
[WhiteTeamCountry "ZIM"]
[BlackTeamCountry "TUN"]

1. e4 c5 2. Nf3 d6 3. d4 cxd4 4. Nxd4 Nf6 5. Nc3 Nc6 6. Bb5 Bd7 7. Nxc6 Bxc6 8. Bxc6+ bxc6 9. 0-0 g6 10. f4 Qa5 11. Qf3 Bg7 12. e5 Nd5 13. Nxd5 cxd5 14. exd6 Qb6+ 15. Be3 Qxd6 16. f5 0-0 17. c3 d4 18. Rad1 Qb6 19. cxd4 Qxb2 20. Rd2 Qb4 21. d5 Rad8 22. Rfd1 Rd7 23. g4 Qd6 24. g5 Be5 25. h4 Rb7 26. Kg2 Rb4 27. Rh1 Bf4 28. Bxf4 Rxf4 29. Qg3 Qb4 30. Qe1 Rxf5 31. Qe2 Rf4 32. Kg3 Rc8 33. Rd3 Qd6 34. Kg2 Rcc4 35. Rhh3 Rg4+ 36. Kh1 Rc1+ 37. Rd1 Qxd5+ 0-1

[Event "Monastir Belkadhi op (Women)"]
[Site "Monastir"]
[Date "2014.05.06"]
[Round "6"]
[White "Miladi, Amen"]
[Black "Krifa, Najla"]
[Result "0-1"]
[WhiteElo "1253"]
[BlackElo "1780"]
[PlyCount "62"]
[EventDate "2014.05.03"]
[EventType "swiss"]
[EventRounds "9"]
[EventCountry "TUN"]
[SourceTitle "EXT 2016"]
[Source "ChessBase"]
[SourceDate "2015.10.08"]
[SourceVersion "1"]
[SourceVersionDate "2015.10.08"]
[SourceQuality "1"]

1. e4 c5 2. d4 cxd4 3. c3 d3 4. Bxd3 d6 5. Be3 Nc6 6. Nf3 Nf6 7. 0-0 g6 8. Nbd2 Bg7 9. Qc2 0-0 10. Rad1 Qc7 11. h3 b6 12. Rfe1 Bb7 13. Bf4 Rac8 14. Bh2 Qd8 15. Qb1 Nd7 16. Bc2 Qc7 17. Nb3 Nde5 18. Nxe5 Nxe5 19. f4 Nc4 20. Nd2 Nxb2 21. Qxb2 Bxc3 22. Qb1 Bd4+ 23. Kh1 Qxc2 24. Qxc2 Rxc2 25. Nf3 Bf2 26. Rc1 Rfc8 27. Rxc2 Rxc2 28. Rf1 Bxe4 29. Bg1 Bxg1 30. Kxg1 Bxf3 31. Rxf3 Rxa2 0-1

[Event "Monastir Belkadhi op (Women)"]
[Site "Monastir"]
[Date "2014.05.04"]
[Round "3"]
[White "Hamlaoui, Asma"]
[Black "Krifa, Najla"]
[Result "1-0"]
[WhiteElo "1668"]
[BlackElo "1780"]
[PlyCount "121"]
[EventDate "2014.05.03"]
[EventType "swiss"]
[EventRounds "9"]
[EventCountry "TUN"]
[SourceTitle "EXT 2016"]
[Source "ChessBase"]
[SourceDate "2015.10.08"]
[SourceVersion "1"]
[SourceVersionDate "2015.10.08"]
[SourceQuality "1"]

1. e4 c5 2. Nc3 g6 3. f4 Bg7 4. Nf3 d6 5. Bb5+ Bd7 6. Bxd7+ Qxd7 7. 0-0 Nc6 8. d3 Nf6 9. Qe1 0-0 10. h3 a6 11. Qg3 Nh5 12. Qg5 f5 13. exf5 Rxf5 14. Qh4 Rff8 15. f5 Qe8 16. Nd5 Rc8 17. fxg6 Qxg6 18. Nxe7+ Nxe7 19. Qxe7 Rf7 20. Qh4 Rcf8 21. Qg4 Qxg4 22. hxg4 Nf4 23. Rf2 b5 24. Rb1 Ng6 25. Re2 Ne5 26. Nh2 Ng6 27. Bg5 Bd4+ 28. Kh1 Bf6 29. Bxf6 Rxf6 30. Nf3 Nf4 31. Rf2 Rg6 32. Nh2 Rgf6 33. Rbf1 R6f7 34. g3 Nd5 35. Rxf7 Rxf7 36. Rxf7 Kxf7 37. Nf1 Nb4 38. Ne3 Nxa2 39. Kg2 Nb4 40. Kf3 Nc6 41. c3 a5 42. Ke4 Ne7 43. d4 Kf6 44. dxc5 dxc5 45. Nd5+ Nxd5 46. Kxd5 Kg5 47. Kxc5 Kxg4 48. Kxb5 Kxg3 49. c4 h5 50. c5 h4 51. c6 h3 52. c7 h2 53. c8Q h1Q 54. Qg8+ Kf4 55. Qc4+ Kf5 56. Qc8+ Kg6 57. Qc6+ Qxc6+ 58. Kxc6 a4 59. Kb5 Kf7 60. Kxa4 Ke7 61. Kb5 1-0

[Event "TUN-ch (Women)"]
[Site "Bizert "]
[Date "2014.03.26"]
[Round "4"]
[White "Matoussi, Amina"]
[Black "Krifa, Najla"]
[Result "0-1"]
[WhiteElo "1767"]
[BlackElo "1785"]
[PlyCount "134"]
[EventDate "2014.03.16"]
[EventType "swiss"]
[EventRounds "9"]
[EventCountry "TUN"]
[SourceTitle "EXT 2016"]
[Source "ChessBase"]
[SourceDate "2015.10.08"]
[SourceVersion "1"]
[SourceVersionDate "2015.10.08"]
[SourceQuality "1"]

1. Nf3 d6 2. g3 g6 3. Bg2 Bg7 4. 0-0 Nf6 5. d4 Bg4 6. c3 c6 7. Nbd2 Nbd7 8. h3 Bxf3 9. Bxf3 Qc7 10. Ne4 0-0 11. Bg5 Rfe8 12. Qb3 e5 13. dxe5 Nxe4 14. exd6 Nxd6 15. Rad1 Ne5 16. Bg2 Nec4 17. Qc2 Re6 18. b3 Nb6 19. c4 Nf5 20. Bf4 Qe7 21. e3 Be5 22. Bxe5 Rxe5 23. Qd3 Re8 24. e4 Ng7 25. f4 Qc5+ 26. Kh1 R5e7 27. Qc3 Rd7 28. Rxd7 Nxd7 29. Rd1 Nb6 30. Qf6 Qe7 31. Qd4 Ne6 32. Qe3 Rd8 33. Rxd8+ Nxd8 34. a4 Ne6 35. f5 Ng7 36. fxg6 hxg6 37. Qf4 Qd8 38. c5 Ne6 39. Qd6 Nc8 40. Qb8 Qc7 41. Qxc7 Nxc7 42. Bf1 Ne6 43. b4 a5 44. bxa5 Nxc5 45. Kg2 Nxe4 46. a6 bxa6 47. Bxa6 Ned6 48. Kf3 Kf8 49. a5 Na7 50. g4 Ke7 51. Ke3 Nab5 52. h4 Nc4+ 53. Kf4 Nxa5 54. h5 gxh5 55. gxh5 Kf6 56. Bc8 Nd6 57. Bg4 c5 58. Bd1 c4 59. Bc2 Kg7 60. Ke5 Ndb7 61. Kd4 Kh6 62. Bd1 f5 63. Bf3 Kg5 64. Ke3 Nd8 65. Kd2 Nf7 66. Kc3 Ne5 67. Be2 Nb3 0-1

[Event "TUN-ch (Women)"]
[Site "Bizert "]
[Date "2014.03.24"]
[Round "1"]
[White "Krifa, Najla"]
[Black "Hidoussi, Maroua"]
[Result "1/2-1/2"]
[WhiteElo "1785"]
[BlackElo "1531"]
[PlyCount "57"]
[EventDate "2014.03.16"]
[EventType "swiss"]
[EventRounds "9"]
[EventCountry "TUN"]
[SourceTitle "EXT 2016"]
[Source "ChessBase"]
[SourceDate "2015.10.08"]
[SourceVersion "1"]
[SourceVersionDate "2015.10.08"]
[SourceQuality "1"]

1. e4 e5 2. d4 Nc6 3. Bc4 Nf6 4. Nf3 d6 5. dxe5 Nxe5 6. Nxe5 dxe5 7. Bxf7+ Ke7 8. Qxd8+ Kxd8 9. Bg5 h6 10. Bh4 g5 11. Bg3 Bd6 12. Nc3 Ke7 13. Bc4 Be6 14. Nd5+ Nxd5 15. exd5 Bf5 16. 0-0-0 e4 17. Bxd6+ Kxd6 18. Rhe1 Rhf8 19. Re3 Rae8 20. f3 exf3 21. Rxf3 Be4 22. Rg3 Rf2 23. Rd2 Rxd2 24. Kxd2 Bxd5 25. Bxd5 Kxd5 26. Rf3 Re4 27. g3 Rd4+ 28. Ke2 Re4+ 29. Kd2 1/2-1/2

[Event "Arab-ch (Women)"]
[Site "Bizerte"]
[Date "2012.07.07"]
[Round "8"]
[White "Marzouk, Amira"]
[Black "Krifa, Najla"]
[Result "0-1"]
[WhiteElo "1711"]
[BlackElo "1770"]
[PlyCount "68"]
[EventDate "2012.07.03"]
[EventType "swiss"]
[EventRounds "9"]
[EventCountry "TUN"]
[SourceTitle "EXT 2013"]
[Source "ChessBase"]
[SourceDate "2012.11.22"]
[SourceVersion "1"]
[SourceVersionDate "2012.11.22"]
[SourceQuality "1"]

1. e4 c5 2. c3 d5 3. exd5 Qxd5 4. d4 Nc6 5. Nf3 Bg4 6. Be2 e6 7. 0-0 Nf6 8. Be3 cxd4 9. cxd4 Be7 10. Nc3 Qd8 11. Rc1 0-0 12. a3 h6 13. Qd2 Qa5 14. Rfd1 Rfd8 15. Qc2 Rac8 16. Qb3 Qc7 17. d5 exd5 18. Nxd5 Nxd5 19. Rxd5 Rxd5 20. Qxd5 Qb8 21. h3 Be6 22. Qd2 Rd8 23. Qc2 Bf6 24. Bd2 Qd6 25. Bc3 Bxc3 26. Qxc3 Qe7 27. b4 Bxh3 28. Bc4 Bf5 29. Qe1 Qf6 30. Rd1 Rxd1 31. Qxd1 Bg4 32. Be2 Qb2 33. Qd3 Bxf3 34. Qxf3 Nd4 0-1

[Event "Olympiad Women-39"]
[Site "Khanty-Mansiysk"]
[Date "2010.10.03"]
[Round "11.43"]
[White "Pacheco, Hilzandryly"]
[Black "Krifa, Najla"]
[Result "1-0"]
[WhiteElo "1875"]
[BlackElo "1794"]
[PlyCount "107"]
[EventDate "2010.09.21"]
[EventType "team-swiss"]
[EventRounds "11"]
[EventCountry "RUS"]
[SourceTitle "CBM 139"]
[Source "ChessBase"]
[SourceDate "2010.11.18"]
[SourceVersion "1"]
[SourceVersionDate "2010.11.18"]
[SourceQuality "1"]
[WhiteTeam "Puerto Rico (W)"]
[BlackTeam "Tunisia (W)"]
[WhiteTeamCountry "PUR"]
[BlackTeamCountry "TUN"]

1. d4 d5 2. c4 e6 3. Nc3 Nf6 4. Bg5 Be7 5. e3 c6 6. Nf3 Nbd7 7. cxd5 exd5 8. Bd3 0-0 9. 0-0 Re8 10. Rc1 Ne4 11. Bxe7 Qxe7 12. Bb1 f5 13. a3 Rf8 14. Qd3 Rf6 15. Ba2 Kh8 16. b4 a6 17. Rc2 Nxc3 18. Rxc3 Qe4 19. Qd2 Rg6 20. Qe2 Qg4 21. g3 Nf6 22. Rfc1 Be6 23. R3c2 Rh6 24. h4 Qg6 25. Ne5 Qe8 26. Kg2 Qe7 27. Bb1 Rf8 28. Rh1 Nh5 29. f4 Nf6 30. Rcc1 Qe8 31. Bd3 Nd7 32. Nf3 Nf6 33. Ne5 Nd7 34. a4 Nb8 35. b5 axb5 36. axb5 cxb5 37. Bxb5 Qe7 38. Rc3 Bg8 39. Rhc1 Na6 40. Rc8 Rb6 41. Rxf8 Qxf8 42. Nd7 Qd8 43. Nxb6 Qxb6 44. Bxa6 Qxa6 45. Qxa6 bxa6 46. Ra1 h6 47. Kf3 Kh7 48. Rxa6 h5 49. Ke2 Bf7 50. Rd6 g6 51. Kd2 Kg7 52. Kc3 Kf8 53. Kb4 Ke7 54. Kc5 1-0

[Event "Mediterranean-ch U20"]
[Site "Chania"]
[Date "2010.09.04"]
[Round "6"]
[White "Krifa, Najla"]
[Black "Fragaki, Maria"]
[Result "0-1"]
[WhiteElo "1794"]
[BlackElo "1935"]
[PlyCount "88"]
[EventDate "2010.09.01"]
[EventType "swiss"]
[EventRounds "9"]
[EventCountry "GRE"]
[SourceTitle "CBM 138 Extra"]
[Source "ChessBase"]
[SourceDate "2010.10.29"]
[SourceVersion "1"]
[SourceVersionDate "2010.10.29"]
[SourceQuality "1"]

1. e4 c5 2. Nf3 e6 3. d4 cxd4 4. Nxd4 a6 5. c4 Qc7 6. Nc3 Nf6 7. a3 d6 8. Be3 Nbd7 9. b4 b5 10. Qb3 bxc4 11. Bxc4 Bb7 12. Rc1 Rc8 13. Nce2 Qb8 14. f3 Be7 15. 0-0 0-0 16. Nc3 Ne5 17. Be2 d5 18. exd5 Nxd5 19. Bf2 Bg5 20. Na2 Bxc1 21. Nxc1 Rc3 22. Qb2 Nc4 23. Bxc4 Rxc4 24. Nd3 Rd8 25. Nc5 Nf4 26. Ne2 Nxe2+ 27. Qxe2 Bd5 28. Nxa6 Qa8 29. b5 Rdc8 30. h3 Rc3 31. Qb2 Rb3 32. Qe5 Rxb5 33. Nc7 Qb8 34. Bg3 Qb6+ 35. Kh2 Ra5 36. Nxd5 Rxd5 37. Qe4 Qa6 38. Ra1 h6 39. Bf2 Qb5 40. a4 Qb2 41. Rf1 Rc2 42. Kg1 Rxf2 43. Rxf2 Rd1+ 44. Rf1 Qb6+ 0-1

[Event "Mediterranean-ch U20"]
[Site "Chania"]
[Date "2010.09.03"]
[Round "5"]
[White "Krifa, Najla"]
[Black "Ben Said, Ahmed"]
[Result "1-0"]
[WhiteElo "1794"]
[BlackElo "1942"]
[PlyCount "91"]
[EventDate "2010.09.01"]
[EventType "swiss"]
[EventRounds "9"]
[EventCountry "GRE"]
[SourceTitle "CBM 138 Extra"]
[Source "ChessBase"]
[SourceDate "2010.10.29"]
[SourceVersion "1"]
[SourceVersionDate "2010.10.29"]
[SourceQuality "1"]

1. e4 c5 2. c3 Nf6 3. e5 Nd5 4. d4 cxd4 5. Nf3 Nc6 6. cxd4 d6 7. Bc4 Nb6 8. Bb3 d5 9. 0-0 Bf5 10. Nc3 e6 11. Be3 Bb4 12. Na4 0-0 13. Rc1 Nxa4 14. Bxa4 Rc8 15. a3 Be7 16. Bxc6 bxc6 17. Qd2 c5 18. dxc5 a5 19. Bd4 Be4 20. Qe3 Bxf3 21. Qxf3 Qc7 22. Qd3 Qc6 23. b4 axb4 24. axb4 Rb8 25. Qd2 Qb5 26. Bc3 Ra8 27. Ra1 Rab8 28. Ra5 Qc4 29. Rd1 Rb5 30. Rxb5 Qxb5 31. Ra1 Rb8 32. Qd4 Qb7 33. h3 h6 34. Ra5 Qc6 35. Ra7 Bf8 36. Qf4 Rb7 37. Rxb7 Qxb7 38. Qd2 Be7 39. Qb2 Kf8 40. Qa3 Ke8 41. Qa4+ Kf8 42. c6 Qb8 43. b5 Bd8 44. Bb4+ Be7 45. Bxe7+ Kxe7 46. Qb4+ 1-0

[Event "Mediterranean-ch U20"]
[Site "Chania"]
[Date "2010.09.01"]
[Round "2"]
[White "Gantar, Jan"]
[Black "Krifa, Najla"]
[Result "1/2-1/2"]
[WhiteElo "2110"]
[BlackElo "1794"]
[PlyCount "51"]
[EventDate "2010.09.01"]
[EventType "swiss"]
[EventRounds "9"]
[EventCountry "GRE"]
[SourceTitle "CBM 138 Extra"]
[Source "ChessBase"]
[SourceDate "2010.10.29"]
[SourceVersion "1"]
[SourceVersionDate "2010.10.29"]
[SourceQuality "1"]

1. e4 c5 2. Nf3 d6 3. d4 cxd4 4. Nxd4 Nf6 5. Nc3 g6 6. g3 Bg7 7. Bg2 0-0 8. 0-0 Qb6 9. Nde2 Nc6 10. h3 Bd7 11. Nd5 Qd8 12. Rb1 Re8 13. b3 Qc8 14. Nef4 Nxd5 15. Nxd5 Bxh3 16. Bxh3 Qxh3 17. Nc7 Ne5 18. Re1 Ng4 19. Qf3 Rac8 20. Nxe8 Rxc2 21. Be3 Qh2+ 22. Kf1 Bh6 23. Bxa7 Qh5 24. Kg1 Qh2+ 25. Kf1 Qh5 26. Kg1 1/2-1/2